000 00572nam a2200205Ia 4500
003 OSt
005 20221007112418.0
006 a|||||r|||| 00| 0
007 ta
008 221006b |||||||| |||| 00| 0 eng d
024 _a27,348
037 _cBound Volume
040 _aLCO
_cLCO
_beng
041 _2eng
_aeng
245 0 _aALL INDIA REPORTER PATNA, ORISSA, PAPSU, PUNJAB
260 _aNagpur
_bAll India reporter ltd. India
_c1916
490 _v7068, 331776, 7674 44 -1957
942 _cCR
999 _c1196911
_d1196911